Welcome to the Holygrace Academy Library

Please use search bar below to get started

BEST COMPANION TO THE MYSTIC LAND OF MUNNAR & TOUR KERALA ECO TOURISM PROJECTS IN KERALA (Record no. 6653)

MARC details
000 -LEADER
fixed length control field 00294nam a22001217a 4500
082 ## - DEWEY DECIMAL CLASSIFICATION NUMBER
Classification number 080
Item number PLA/B
245 ## - TITLE STATEMENT
Title BEST COMPANION TO THE MYSTIC LAND OF MUNNAR & TOUR KERALA ECO TOURISM PROJECTS IN KERALA
250 ## - EDITION STATEMENT
Edition statement 3
260 ## - PUBLICATION, DISTRIBUTION, ETC. (IMPRINT)
Name of publisher JOHNSON PALACKAL
300 ## - PHYSICAL DESCRIPTION
Number of Pages 96
650 ## - SUBJECT ADDED ENTRY--TOPICAL TERM
Topical Term GK
942 ## - ADDED ENTRY ELEMENTS (KOHA)
Koha item type Books
Holdings
Withdrawn status Lost status Collection code Home library Current library Shelving location Date acquired Source of acquisition Cost, normal purchase price Full call number Accession Number Koha item type
    G.K Main Library Main Library SHELF-17E-SCIENCE RELATED BOOKS 08/05/2006 PURCHASE 70.00 080 PLA/B 1200 Books